1229 1696 1041 1424 1249 1805 1534 1533 1646 1743 1512 1717 1976 1851 1999 1218 1818 1178 1528 1153 1877 1850 1075 1631 1039 1890 1487 1247 1502 1262 1587 1728 1395 1263 1508 1699 1374 1795 1933 1170 1800 1523 1667 1750 1870 1669 1493 1861 1302 1810 1540 1195 1058 1364 1416 1962 1595 1502 1256 1431 1263 1582 1497 1644 1567 1610 1963 1021 1795 1011 1921 1426 1459 1778 1180 1841 1308 1200 1866 1604 1298 1539 1019 1282 1946 1025 1267 1381 1381 1441 1367 1005 1705 1480 1050 1003 1298 1610 1102 BCNSPRNW ULIB Ver.6.0+V

เปลี่ยนเป็นภาษาไทย

Change to English
 แสดงรายละเอียดบรรณานุกรม
  กลับหน้าหลัก

Brief Record : Get Marc (ISO 2709) : E-mail record : QR code < ปิดหน้าต่าง
LEADER : 00000nam 2200000uu 4500
001    13399120047
003     ULIB
008    020711s2552 th a 000 0 tha d
020    9786110600637
099    นว.^bป458ฟ
100    ปริญญ์
245    ฟ้าฝันตะวันหนาว/^cปริญญ์
260    กรุงเทพฯ :^bแจ่มใส,^c2552
300    249 หน้า
945    ^p159^l0^i15772
999    ^aทศพร เกษรทอง
รายการนี้ยังไม่มีแท็ก
คุณยังไม่ได้ล็อกอิน คุณสามารถมีกิจกรรมร่วมกับเว็บไซต์ได้ แต่ต้องล็อกอินก่อน ::
  ล็อกอิน

รายการสื่อสารสนเทศ

ลำดับที่ ประเภท เลขเรียก/บาร์โค้ด สถานที่ สถานะ
1. นวนิยาย
นวนิยาย
นว. ป458ฟ ฉ.1 
  Barcode: 15772
ห้องสมุดวิทยาเขตสวรรค์ประชารักษ์
►นวนิยาย
บนชั้น
  ขอยืม

BibComment


ยังไม่เคยถูกคอมเมนท์

คอมเมนท์ทรัพยากรรายการนี้
  คอมเมนท์: ฟ้าฝันตะวันหนาว ป..


 Copyright 2026. Bcnsprnw @Library